Optical physics
Αποθηκεύτηκε σε:
| Κύριος συγγραφέας: | |
|---|---|
| Άλλοι συγγραφείς: | , |
| Μορφή: | Βιβλίο |
| Γλώσσα: | English |
| Δημοσίευση: |
Cambridge ; New York :
Cambridge University Press,
1998, c1995
|
| Έκδοση: | 3rd ed., repr. with cor. |
| Θέματα: | |
| Ετικέτες: |
Προσθήκη ετικέτας
Δεν υπάρχουν, Καταχωρήστε ετικέτα πρώτοι!
|
MARC
| LEADER | 00000nam a2200000 i 4500 | ||
|---|---|---|---|
| 001 | 1/5988 | ||
| 008 | 000609s19951998 eng d | ||
| 020 | |a 0-521-43631-1 | ||
| 035 | |l 10061777 | ||
| 040 | |a GR-MY-UA |b gre |e aacr | ||
| 041 | 0 | |a eng | |
| 082 | 0 | |a 535 |2 (20) | |
| 100 | 1 | |a Lipson, S. G. |q (Stephen G.) | |
| 245 | 1 | 0 | |a Optical physics / |c S.G. Lipson, H. Lipson, and D.S. Tannhauser |
| 250 | |a 3rd ed., repr. with cor. | ||
| 260 | |a Cambridge ; New York : |b Cambridge University Press, |c 1998, c1995 | ||
| 300 | |a xviii, 497 p.; |b ill.; |c 26 cm. | ||
| 504 | |a Includes bibliographical references and index | ||
| 650 | 0 | 0 | |a Physical optics. |
| 700 | 1 | |a Lipson, H. |q (Henry) |d 1910- | |
| 700 | 1 | |a Tannhauser, D. S. |q (David Stefan) |d 1927- | |
| 852 | |a INST |b SAMOS |e 20000609 |h 535 LIP |p 005300019578 |q 005300019578 |t BK |y 0 | ||
| 901 | |a BIBL3-2000-2 | ||
| 909 | |a Σ |b 078749 | ||
| 922 | |a 3ΕΛΗ |b 200005 |c ΚΠΣ |d ΠΑΠΑΣΩΤΗΡΙΟΥ | ||
| 950 | |a 116-1999-12-31 | ||
| 970 | |a ΚΟΣΙΕΡΗΣ |b ΧΡΗΣΤΟΣ |z 2000/07/19 | ||